[Event "ICS rated blitz match"]
[Site "207.99.83.229"]
[Date "1999.06.17"]
[Round "?"]
[White "Hossa"]
[Black "mishah"]
[Result "0-1"]
[WhiteElo "2387"]
[BlackElo "2073"]
[Annotator "Fritz 5.32 (22s)"]
[PlyCount "134"]

1. e4 1... e6 {Opening = C10 - 3.Nc3 ---} 2. d4 d5 3. Nc3 dxe4 4. Nxe4 Be7 5.
Nf3 Nd7 6. Bd3 Ngf6 7. Nxf6+ Nxf6 8. O-O O-O 9. Ne5 c5 10. dxc5 Bxc5 (10... Qc7
11. Qe2 Qxc5 12. Re1 Qc7 13. Bg5 b6 (13... Nd5 14. Bxe7 Qxe7 15. Qe4 g6 16.
Nxg6 hxg6 17. Qxd5 Qf6 18. Qe5 Qxe5 19. Rxe5 Bd7 20. Rae1 Rac8 21. h4 Rc7 22.
R5e4 Kg7 23. f3 Rfc8 24. Rd4 Be8 25. Kf2 a6 26. Re5 Kf6 27. Ra5 Rxc2+ 28. Bxc2
{Bolbochan,J-Guimard,C/Margate 1934/0-1 (71)}) 14. Qf3 Bb7 15. Qh3 g6 16. Bh6
Rfe8 17. Nxf7 Bb4 18. c3 Bxc3 19. Rac1 Qxf7 20. Rxc3 Nd5 21. Rcc1 Nf4 22. Bxf4
Qxf4 23. Rc2 Bd5 24. Rec1 Re7 25. Bb5 {
Szonyi,K-Bracjunova,V/Eu Y Ch g18, Rimavska Sobota SLO (9) 1996/ - (43)}) 11.
Bg5 Be7 (11... h6 12. Bh4 Qd4 13. Bxf6 gxf6 14. Nf3 Qg4 15. Qd2 Qg7 16. Rae1 b6
17. b4 Bb7 18. Be4 Rfd8 19. Qf4 Bxe4 20. Rxe4 f5 21. Re2 Bd6 22. Qh4 e5 23. c3
f4 24. Rd2 e4 25. Nd4 Qg6 26. Rfd1 {Akopian,G-Kotanjian,T/Erevan 1996/ - (67)})
12. Qe2 12... Qb6 $146 (12... Qc7 13. Rad1 Rd8 14. Rfe1 h6 15. Bc1 b6 16. Bxh6
gxh6 17. Qf3 Qb7 18. Qg3+ Kf8 19. Qf4 Kg7 20. Re3 Rh8 21. Be4 Qb8 22. Rg3+ Kf8
23. Rf3 a5 24. Rd7 {1-0 Rogers,I-Seberry,R/Sydney 1987 (24)}) (12... Nd5 13.
Bxe7 Qxe7 14. Qe4 g6 15. Rfe1 Rd8 16. a3 f6 17. Nf3 e5 18. Bc4 Be6 19. Qh4 Qf7
20. Rad1 Ne7 21. Bxe6 Qxe6 22. Qb4 Rd7 23. Qa4 Nc6 24. Rxd7 Qxd7 25. Qc4+ Kg7
26. h3 Rd8 27. c3 Na5 28. Qb4 b6 29. Qe4 Nb3 30. Qe3 Qd5 31. Nh2 Qd2 32. Qe4
Nc5 33. Qe2 Na4 34. Nf3 Qxb2 35. Qa6 Nc5 36. Qxa7+ Rd7 37. Qb8 Nd3 38. Rf1 Qxa3
39. Qxb6 Qxc3 40. Qb5 Qc7 41. Rd1 Nc5 42. Rc1 Rd5 43. Nh2 Qd7 44. Qxd7+ {
- Perdomo,A-Chersich,M/Halle wch-u20 1995 (44)}) (12... h6 13. Bd2 $11) 13.
Bxf6 $11 (13. c3 13... Rd8 $14) 13... Bxf6 14. Qe4 {Mit der Mattdrohung Qxh7}
14... g6 15. Qf4 Kg7 16. Rab1 Rd8 17. Rfe1 Qd4 18. Qxd4 Rxd4 19. Rbd1 Bxe5 20.
Rxe5 Bd7 21. Re4 Rd6 22. c4 $15 (22. Be2 Rxd1+ 23. Bxd1 23... Rd8 $11) 22...
Bc6 {Schwarz geht zum Angriff ueber} 23. Re3 $17 (23. Ree1 Rad8 24. Bc2 24...
Rd2 $11) 23... Rad8 24. b3 $2 $19 (24. f3 $17 $142) 24... e5 25. f3 f5 26. c5
Rd4 27. Rxe5 Rxd3 28. Re7+ Kh6 29. Rxd3 Rxd3 30. Re2 Bb5 (30... Rc3 {
waere im Gewinnsinne praeziser} 31. b4 $19) 31. Rc2 Re3 (31... Rd1+ {
und Schwarz haette es noch leichter} 32. Kf2 $19) 32. Kf2 (32. a4 Bc6 33. b4
33... Bxa4 $19) 32... f4 33. b4 g5 34. Rd2 Bd3 (34... Ra3 $5 {
laesst dem Gegner kaum Chancen} 35. Ke1 $19) 35. a4 a6 36. g3 Kg6 37. gxf4 gxf4
38. a5 (38. Rd1 38... Kg5 $19) 38... Kf5 39. Rd1 Ke5 40. h4 Kd4 41. Rc1 Re2+
42. Kg1 Bb5 (42... Rb2 {erleichterte Schwarz die Gewinnfuehrung} 43. h5 $19)
43. Rb1 (43. h5 {hilft allerdings auch nicht} 43... Rb2 $19) 43... Ke3 44. Rb3+
Bd3 45. Rc3 (45. b5 {aendert nichts mehr} 45... axb5 46. Ra3 46... Rd2 $19)
45... Rd2 46. b5 (46. c6 bxc6 47. Rc5 47... h6 $19) 46... Kxf3 $1 {
nun ist alles klar. Droht Matt: Kg3} 47. bxa6 (47. Rxd3+ Rxd3 48. Kh2 axb5 49.
c6 bxc6 50. h5 Ra3 51. a6 Rxa6 52. Kh3 h6 53. Kh4 Ra1 54. Kh3 Rh1#) 47... Kg3
$1 {kraeftig gespielt} 48. Rxd3+ Rxd3 49. Kf1 bxa6 (49... f3 50. Ke1 Kg2 51. c6
f2+ 52. Ke2 f1=Q#) 50. Ke2 Rc3 51. c6 51... Rxc6 {Es droht Matt} 52. Kd3 Rc5
53. Kd4 53... Rxa5 {Der Freibauer a6 ist ein wichtiges Motiv} 54. Kd3 Rb5 55.
h5 a5 56. h6 (56. Kc4 {holt die Kuh nicht vom Eis} 56... Rxh5 57. Kd4 f3 58.
Ke3 f2 59. Kd3 f1=Q+ 60. Kd4 Qe2 61. Kc3 Qe3+ 62. Kc2 Rh2+ 63. Kd1 Qd2#) 56...
a4 $19 (56... Rb4 57. Kc3 f3 58. Kd2 f2 59. Kd3 f1=Q+ 60. Ke3 Qf3+ 61. Kd2 Rb2+
62. Kc1 Qc3+ 63. Kd1 Qd2#) 57. Kc3 57... a3 {Droht Matt} 58. Kc4 Rb8 59. Kc5 (
59. Kd4 {nuetzt auch nichts mehr} 59... a2 60. Ke5 a1=Q+ 61. Kd5 Qa5+ 62. Kc4
Rb4+ 63. Kd3 Qa3+ 64. Kd2 Rb2+ 65. Ke1 Qa1#) 59... a2 60. Kc6 (60. Kc4 {
macht keinen grossen Unterschied} 60... a1=Q 61. Kd5 Qa5+ 62. Kc4 Rb4+ 63. Kd3
Qa3+ 64. Kd2 Rb2+ 65. Ke1 Qa1#) 60... a1=Q 61. Kc7 (61. Kd5 {
aendert nichts mehr} 61... Qa5+ 62. Kc4 Rb4+ 63. Kd3 Qa3+ 64. Kd2 Rb2+ 65. Ke1
Qa1#) 61... Qa7+ 62. Kc6 Rb6+ (62... Qa5 63. Kd7 Qd5+ 64. Ke7 Rb7+ 65. Kf6 Rf7#
) 63. Kd5 (63. Kc5 {kann das Vorangegangene nicht ungeschehen machen} 63...
Qc7+ 64. Kd4 Rd6+ 65. Ke5 Qe7+ 66. Kf5 Rd5#) 63... Qa5+ (63... Qd7+ 64. Kc5
Rc6+ 65. Kb5 Qb7+ 66. Ka5 Ra6#) 64. Kd4 Rb4+ 65. Kd3 (65. Kc3 {
holt die Kuh nicht vom Eis} 65... Qa3+ 66. Kd2 Rb2+ 67. Ke1 Qa1#) 65... Qa3+
66. Kd2 Rb2+ 67. Kd1 (67. Ke1 {hilft allerdings auch nicht} 67... Qa1#) 67...
Qa1# 0-1

[Event "ICS rated blitz match"]
[Site "207.99.83.229"]
[Date "1999.06.17"]
[Round "?"]
[White "gleit"]
[Black "Hossa"]
[Result "0-1"]
[WhiteElo "2007"]
[BlackElo "2360"]
[Annotator "Fritz 5.32 (22s)"]
[PlyCount "82"]

1. d4 1... d5 {Opening = D44 - 5.Bg5 dc4} 2. c4 c6 3. Nf3 Nf6 4. Nc3 e6 5. Bg5
dxc4 6. e4 b5 7. e5 h6 8. Bh4 g5 9. Nxg5 hxg5 10. Bxg5 Nbd7 11. g3 Bb4 12. Bg2
Bb7 13. O-O Bxc3 14. bxc3 Qa5 15. exf6 15... O-O-O $14 (15... Qxc3 16. a4 bxa4
17. Qxa4 Nb6 (17... Qxd4 18. Rfb1 Rb8 19. Bf4 $18 (19. Qxa7 $143 19... Qxa7 20.
Rxa7 Ba6 21. Rxb8+ 21... Nxb8 $18)) 18. Bxc6+ 18... Kf8 $16) 16. Qc2 Rdg8 17.
h4 Qa3 18. Bc1 Qa5 19. Bg5 $11 {Der Brueckenkopf g5} (19. Bf4 $5 19... Nb6 20.
Bd6 $14) 19... Nb6 $16 (19... Qa3 $5 $11 {kommt in Betracht}) 20. a4 Nxa4 21.
Ra3 21... c5 $18 (21... Rh5 $5 $16) 22. Rfa1 $14 (22. Bxb7+ Kxb7 23. Qe4+ Ka6
24. dxc5 $18) 22... Bxg2 23. Kxg2 cxd4 24. cxd4 Qc7 25. Qe4 $14 (25. Rxa4 $5
25... bxa4 26. Rxa4 Qb7+ 27. f3 $16) 25... Rd8 $2 $18 (25... Qb7 $142 {
damit waere Schwarz im Spiel geblieben} 26. f3 26... Rd8 $14) 26. Bf4 $4 $11 {
vergibt den Vorteil} (26. Rb1 $142 {Weiss haette nun das bessere Spiel} 26...
Nb6 27. Rxb5 Rxd4 28. Qxd4 Qc6+ 29. Kh2 Qxb5 30. Rxa7 Qxg5 31. Kg1 (31. Qxb6 $6
{ist minderwertig} 31... Rxh4+ 32. gxh4 Qxh4+ 33. Kg2 Qg4+ 34. Kh1 Qh4+ 35. Kg1
Qg4+ 36. Kf1 Qd1+ 37. Kg2 Qg4+ 38. Kh1 Qh4+ 39. Kg2 39... Qg4+ $11) 31... Rxh4
32. Qa1 $18 (32. Qxb6 {verliert immer noch} 32... Qc1+ 33. Kg2 Qh1#)) 26... Qb7
27. Qxb7+ Kxb7 28. Be5 {Dort fuehlt sich der weisse Laeufer wohl} 28... Rc8 29.
Rb1 Kc6 30. Rc1 $17 (30. Kf3 30... a6 $15) 30... Kd5 31. Kf3 31... a5 $15 (
31... a6 32. Ke3 $17) 32. Rb1 Kc6 33. Ke4 Ra8 34. Rh1 $19 (34. Rba1 $5 $17)
34... Nb2 $17 (34... Nb6 35. g4 $19) 35. g4 $19 {Jetzt haengt h5 in der Luft} (
35. Rc1 $5 35... a4 36. Rc2 $17) 35... Nd3 $17 (35... a4 $5 $19) 36. Rh2 $19 (
36. Rxd3 $5 36... cxd3 37. h5 $17) 36... Nxe5 $17 (36... b4 37. Rxd3 cxd3 38.
Kxd3 $19) 37. dxe5 b4 38. Ra1 c3 39. h5 c2 40. f4 b3 41. Ra3 $4 {
der letzte Fehler} (41. Rc1 $19) 41... c1=Q {Droht Matt} (41... c1=Q 42. Raa2
bxa2 43. Rxa2 Rhb8 44. Kf3 Qh1+ 45. Rg2 Rb3+ 46. Kf2 Rd8 47. Rg1 Qf3+ 48. Ke1
Rd1#) 0-1

[Event "ICS Rated standard match"]
[Site "207.99.83.229"]
[Date "1999.06.17"]
[Round "?"]
[White "robbok1"]
[Black "Hossa"]
[Result "1-0"]
[WhiteElo "2452"]
[BlackElo "2231"]
[Annotator "Fritz 5.32 (22s)"]
[PlyCount "116"]

1. e4 1... e6 {Opening = C10 - 3.Nc3 ---} 2. d4 d5 3. Nd2 dxe4 4. Nxe4 Nd7 5.
Nf3 Ngf6 6. Bd3 Nxe4 7. Bxe4 Be7 8. O-O c5 9. Bf4 $146 (9. c3 Nf6 (9... Qc7 10.
Qe2 O-O 11. Bg5 Bxg5 12. Nxg5 h6 13. Nf3 Nf6 14. dxc5 Qxc5 15. Rfd1 Qb6 16. Rd2
Bd7 17. Ne5 Bb5 18. c4 Ba6 19. Rad1 Rfd8 20. Bc2 Qc7 21. b4 b6 22. h3 Nd5 23.
b5 Nc3 24. Rxd8+ Rxd8 25. Rxd8+ Qxd8 26. Qf3 Qf6 27. Qa8+ {
1-0 Heidenfeld,W-Trott,H/Beverwijk 1953 (27)}) (9... O-O 10. Bf4 Nf6 11. Bc2
Qb6 12. Qb1 cxd4 13. cxd4 Bd7 14. Rc1 Bc6 15. Ng5 h6 16. Nh7 Qxd4 17. Nxf8 Qxf4
18. Nxe6 fxe6 19. Bb3 Be4 20. Bxe6+ Kh8 21. Bc4 Qe5 22. Qxe4 Nxe4 23. Bf7 Bc5
24. a3 Qf5 25. a4 Rd8 26. b4 Bxf2+ 27. Kh1 27... Bd4 {
0-1 Super,C-68000,A/4+8 1989 (27)}) 10. Bc2 O-O 11. Bg5 cxd4 12. Nxd4 Qd5 (
12... Bd7 13. Re1 Nd5 14. Qd3 g6 15. Bh6 Re8 16. Qd2 Qc7 17. Bb3 Bd6 18. Bxd5
exd5 19. Nf3 Re4 20. Rxe4 dxe4 21. Qd4 Bf8 22. Bxf8 Rxf8 23. Qxe4 Bc6 24. Qc4
Qb6 25. Qb3 Bxf3 26. Qxb6 axb6 27. gxf3 {
Rodriguez,A-Perez,R/ch-CUB, Matanzas 1997/ - (39)}) 13. Bh4 Bd7 14. Qe2 Rae8
15. Rfd1 Bc6 16. Nxc6 Qxc6 17. Rd2 Rd8 18. Rad1 Qb6 19. Rxd8 {
- Van de Oudeweetering,A-Krudde,F/Dieren 1989 (19)}) (9. Be3 9... O-O $11) 9...
Qb6 10. c3 $15 (10. Rb1 10... O-O $11) 10... Nf6 11. Bc2 Qxb2 12. Qd2 Qa3 13.
Bb3 O-O 14. Rfe1 14... cxd4 $15 (14... b5 15. dxc5 Rd8 16. Qe2 Qxc5 17. Be3 $17
) 15. Nxd4 Bd7 16. Rab1 Rac8 17. Qd3 Qa5 18. Nf5 Bd8 19. Nd6 Rxc3 20. Qe2 Qh5
21. Qd2 $19 (21. Qxh5 $5 21... Nxh5 22. Be5 $15) 21... Rc7 22. Rb2 Bc6 23. Re5
23... Qg4 {Mit der Mattdrohung Qxg2} 24. f3 {Kontrolliert e4} 24... Bxf3 25.
Rg5 Ne4 26. Rxg4 $17 (26. Nxe4 Bxg5 27. Nxg5 e5 28. Bxe5 28... Rd7 $17) 26...
Nxd2 27. gxf3 {Befestigt e4} 27... Nxf3+ 28. Kf2 $15 (28. Kf1 Bf6 29. Rbg2
29... Ne5 $11) 28... h5 29. Rg2 Nh4 30. Rg1 Ng6 31. Be3 Bf6 32. Rd2 32... Be5
$14 (32... Rd8 33. Bxa7 Be5 34. Rgd1 $14) 33. Nb5 Rc6 34. Nxa7 Rc3 35. Rc2
Rxc2+ 36. Bxc2 Bxh2 37. Rh1 Bb8 38. Rxh5 Bxa7 39. Bxa7 Ra8 40. Ra5 Ne7 41. Bb6
{Droht Matt: Rxa8} 41... Rxa5 42. Bxa5 Nc6 43. Bc3 43... Nb8 $16 (43... f5 $5
$14 {muss geprueft werden}) 44. Be4 b6 45. Bd4 {
Nun geraet Schwarz unter starken Druck.} 45... b5 $18 (45... Nd7 $5 $16) 46.
Bd3 Nc6 47. Bc5 b4 48. Bb5 Ne5 49. Bxb4 {
Der Freibauer a2 fuehrt schnell zu Drohungen} 49... f5 $4 {
ein Fehler, doch es war nicht viel zu retten} (49... Ng4+ 50. Ke1 50... Ne3 $18
) 50. a4 Ng4+ 51. Ke2 Nf6 52. a5 {Mit der Drohung Bc6} 52... Nd5 53. a6 $1 {
die Entscheidung. Droht Ba5} 53... Nxb4 54. a7 Kh7 55. Bc4 Nc6 (55... Nd5 {
hilft auch nicht mehr} 56. a8=Q $18) 56. a8=Q Nd4+ 57. Ke3 e5 (57... Nc2+ 58.
Kf4 Ne3 59. Bxe6 Kg6 60. Bg8 Ng2+ 61. Qxg2+ Kh5 62. Qg5#) 58. Bf7 {
Es droht Matt} 58... f4+ 1-0

[Event "ICS rated standard match"]
[Site "207.99.83.229"]
[Date "1999.06.17"]
[Round "?"]
[White "Hossa"]
[Black "NYCP99"]
[Result "1-0"]
[WhiteElo "2224"]
[BlackElo "2381"]
[Annotator "Fritz 5.32 (22s)"]
[PlyCount "33"]

1. e4 1... Nc6 {Opening = 1.e4 Nc6} 2. Nf3 d6 3. d4 Bg4 4. Bb5 a6 5. Bxc6+ bxc6
6. O-O Nf6 7. Nc3 d5 (7... e6 8. Bg5 (8. Qd3 Be7 9. Ne2 d5 10. Ng3 dxe4 11.
Nxe4 Bf5 12. Nxf6+ Bxf6 13. Qe2 O-O 14. c3 c5 15. Rd1 Qd5 16. Be3 c4 17. Bf4
Bd3 18. Qe3 Rfb8 19. b4 Rb7 20. Ne1 Bg6 21. Qg3 a5 22. a3 22... Bd8 {
Ter Minasjan,D-Ivanov,V/Petrov mem, St Petersburg RUS 1998/ - (79)}) 8... Be7
9. Qe2 O-O 10. Rad1 d5 11. h3 Nxe4 12. hxg4 Nxc3 13. bxc3 Bxg5 14. Ne5 Qe8 15.
g3 c5 16. Kg2 cxd4 17. cxd4 Qb5 18. Qf3 Qa4 19. Qd3 Qb5 20. Qf3 c5 21. Rh1 cxd4
22. Rb1 {Martin,B-Rogers,I/ch-NZL, Auckland 1996/0-1 (35)}) 8. Qd3 e6 9. Ne5
9... Bd6 $146 (9... Bh5 10. Nxc6 dxe4 11. Qc4 Qd6 12. Bg5 Bg6 13. Rfe1 Nd5 14.
Ne5 Nb6 15. Qc6+ Qxc6 16. Nxc6 f6 17. Bf4 Kf7 18. Na5 Bb4 19. Nb3 Nd5 20. Bd2
Nxc3 21. Bxc3 Bd6 22. Rac1 Rab8 23. g3 Rb5 24. Nd2 {
Acosta Alejandro-Cuartas Carlos/Ch Colombia, Colombia 1988/ - (47)}) 10. Bg5 {
Weiss entwickelt eine toedliche Initiative} 10... Bh5 11. Qh3 Qe7 (11... dxe4
$142 12. Nxe4 Be7 13. Bxf6 gxf6 14. Nxc6 Qd5 15. Nxe7 15... Qxe4 $18) 12. Nxc6
Bg4 (12... Qd7 {macht keinen grossen Unterschied} 13. Bxf6 gxf6 14. Qxh5 Qxc6
15. exd5 $18) 13. Bxf6 (13. Nxe7 $6 13... Bxh3 14. Nc6 14... Bg4 $18) 13...
Qxf6 (13... Bxh3 {aendert den traurigen Lauf der Dinge nicht} 14. Bxe7 (14.
Nxe7 $6 14... gxf6 15. Nexd5 exd5 16. gxh3 16... dxe4 $18) 14... Bxe7 15. gxh3
dxe4 16. Nxe4 $18) 14. Qxg4 h5 15. Qh3 Qh6 (15... dxe4 {
waere gleichermassen fruchtlos} 16. Nxe4 Qf4 17. Rae1 $18) 16. exd5 exd5 (16...
O-O {aendert nichts am Ausgang der Partie} 17. Rae1 Rae8 18. dxe6 fxe6 19. Re4
$18) 17. Nxd5 (17. Nxd5 O-O 18. Qe3 $18) (17. Rae1+ {ist genauer} 17... Kf8 18.
f4 18... Bc5 $18) 1-0

[Event "ICS rated blitz match"]
[Site "207.99.83.229"]
[Date "1999.06.17"]
[Round "?"]
[White "Hossa"]
[Black "HauntedBy16"]
[Result "1-0"]
[WhiteElo "2364"]
[BlackElo "2137"]
[Annotator "Fritz 5.32 (22s)"]
[PlyCount "65"]

1. e4 1... e5 {Opening = C30 - 2.f4 ---} 2. f4 Bc5 3. Nf3 d6 4. b4 Bb6 5. a4 (
5. Bb2 Nf6 6. fxe5 dxe5 7. Bxe5 O-O 8. Nc3 Re8 9. Bxf6 Qxf6 10. Bd3 c6 11. Na4
Bc7 12. O-O Bg4 13. Nc3 Qd6 14. Qe2 Bxf3 15. gxf3 Qxb4 16. f4 Nd7 17. e5 Nc5
18. Bf5 Rad8 19. Kh1 g6 20. Bh3 Qd4 21. Rad1 Ba5 22. Nb1 f5 23. Qg2 Kh8 24. c3
Qe4 25. d4 Na4 26. Rf3 c5 27. Nd2 Qc2 28. Rg1 Bxc3 29. Qg5 Rf8 30. Qh6 Rg8 31.
Qh4 Rdf8 32. Nb3 Bxd4 33. Nxd4 cxd4 34. Qe7 Qc6 35. Bg2 Re8 36. Qb4 Nc3 37. Rd3
Qb6 38. Qxb6 axb6 39. Bxb7 39... Re7 {
Hector,J-Smyslov,V/Sigeman and Co, Malmoe SWE 1997/0-1 (55)}) 5... a5 6. b5
6... Nf6 $11 (6... c6 7. Bb2 Qe7 8. Na3 Bg4 9. Nc4 Nd7 10. h3 Bxf3 11. Qxf3 Bc5
12. c3 Ngf6 13. Bd3 exf4 14. O-O-O Ne5 15. Nxe5 dxe5 16. Bc4 O-O 17. d4 cxb5
18. Bxb5 Bd6 19. Rhe1 exd4 20. cxd4 Bb4 21. Re2 {
Kolisch I-Burden F/London m/1 1860/1-0 (32)}) (6... exf4 7. Nc3 $15) 7. fxe5
Nxe4 (7... dxe5 8. Nc3 $11 (8. Nxe5 $4 8... Qd4 (8... Nxe4 $6 {
ist klar schwaecher} 9. Qf3 Ng5 10. Qg3 $15) 9. Nd3 9... Qxa1 $19)) 8. exd6 $15
(8. Qe2 $5 8... d5 9. d3 Bf2+ 10. Kd1 $11) 8... O-O $11 (8... Bf2+ $5 {
ist nicht von der Hand zu weisen} 9. Ke2 9... Bh4 $15 (9... cxd6 $2 {
ist ein Schlag ins Wasser} 10. d3 $18) (9... Qxd6 $143 10. Bb2 $15)) 9. dxc7
$15 (9. d4 $5 9... Nxd6 10. c3 $11) 9... Qxc7 $16 (9... Bf2+ $142 {
und Schwarz spielt mit} 10. Ke2 Qe8 11. cxb8=Q 11... Rxb8 $15) 10. d4 {
Weiss muss dringend die Entwicklung vorantreiben.} 10... Re8 11. Be2 Nc3 (11...
Be6 12. O-O $16) 12. Nxc3 Qxc3+ 13. Bd2 Qc4 14. c3 (14. Kf1 $5 14... Qe6 15. c4
$18) 14... Bg4 15. Kf2 Qc7 16. Re1 Nd7 17. Kg1 Nf6 18. Ng5 $14 (18. Bd3 18...
Qd6 $16) 18... Bf5 19. Rc1 19... Qd6 $16 (19... Rad8 20. Rf1 Qc8 21. Nf3 $14)
20. Bc4 Bg6 21. Qb3 Rf8 (21... Qc7 22. Nf3 $16) 22. Rf1 Bc7 23. g3 Rac8 24.
Rce1 Bb6 25. Ne6 $16 (25. Nf3 $5 $18) 25... Rfe8 26. Bg5 $11 (26. Bf4 $5 26...
Qd7 27. Bg5 $14) 26... Ne4 27. Bf4 $17 (27. Rxe4 Bxe4 28. Nxg7 Kxg7 29. Rxf7+
Kg6 30. Rf6+ Qxf6 31. Bxf6 Kxf6 32. Bd5 $17) 27... Qd7 28. Nc5 $19 (28. Ng5
Bxd4+ 29. cxd4 Qxd4+ 30. Re3 Qxc4 31. Qxc4 Rxc4 32. Nxe4 32... Bxe4 $19) 28...
Bxc5 $11 (28... Nxc5 $142 {und aller Vorteil laege nun bei Schwarz} 29. dxc5
Bxc5+ 30. Kg2 Be4+ 31. Rxe4 31... Rxe4 $19) 29. dxc5 29... Qh3 $14 (29... Nxc5
$5 $142 {ist zu erwaegen} 30. Qa2 Bd3 31. Bxd3 Nxd3 32. Rxe8+ 32... Rxe8 $11)
30. Bd6 {Schoenes Feld d6!} (30. Qa3 30... Nf6 $16 (30... Rxc5 $4 {
das Schlagen des Bauern ist schlecht} 31. Qxc5 Qc8 32. Qxc8 Rxc8 33. Bd5 Nxc3
34. Bxb7 $18)) 30... Nd2 $4 $18 (30... Qh5 $142 {war noch moeglich} 31. b6
31... Ng5 $11) 31. Bxf7+ 31... Kh8 {Droht Matt} 32. Bxe8 $1 {ganz unerschrocken
} 32... Nxb3 (32... Nxf1 {bietet noch letzte Rettungschancen} 33. Bxg6 $1 {
das wars} 33... Qxh2+ 34. Kxf1 Qh1+ 35. Kf2 Qh2+ 36. Kf3 36... hxg6 $18) 33.
Rf8# 1-0

[Event "ICS rated standard match"]
[Site "207.99.83.229"]
[Date "1999.06.17"]
[Round "?"]
[White "Hossa"]
[Black "Spawnkeka"]
[Result "0-1"]
[WhiteElo "2231"]
[BlackElo "2346"]
[Annotator "Fritz 5.32 (22s)"]
[PlyCount "73"]

1. e4 1... c5 {Opening = B67 - 8.000 Bd7(9.f4 ---)} 2. Nf3 d6 3. d4 cxd4 4.
Nxd4 Nf6 5. Nc3 Nc6 6. Bg5 e6 7. Qd2 a6 8. O-O-O Bd7 9. f3 Be7 10. Nxc6 (10. h4
b5 11. Kb1 Ne5 12. Bd3 O-O 13. g4 Rb8 14. Be3 Qc7 15. h5 Rfc8 16. g5 Ne8 17.
Rdg1 b4 18. Nce2 Nxd3 19. Qxd3 g6 20. hxg6 hxg6 21. Nf4 Bf8 22. Qd2 Bg7 23. Rh4
Qc4 24. Rgh1 Rc5 25. Rh7 Kf8 26. Nb3 Rcb5 27. Nd4 Ra5 28. Nb3 Rab5 29. Nd4 Ra5
30. Nb3 {- Rodriguez,A-Short,N/4th World Team Ch, Lucerne SUI 1997 (30)}) (10.
Kb1 h6 11. Be3 Nxd4 12. Qxd4 b5 13. g4 Rb8 14. e5 dxe5 15. Qxe5 Rc8 16. Be2 Qc7
17. Qxc7 Rxc7 18. Bf4 Rc5 19. a3 Bc6 20. Rhe1 Rxc3 21. bxc3 Nd5 22. Bd2 O-O 23.
Bd3 Bxa3 24. Be4 Rc8 25. f4 Be7 26. Bxd5 Bxd5 27. Re3 Bf6 28. Kb2 a5 29. Rg1 g6
30. f5 a4 31. fxg6 fxg6 32. Rd3 b4 33. Kb1 a3 34. Rf1 Bg7 35. Re1 Rc4 36. h3 g5
37. Rd1 bxc3 38. Bc1 Rb4+ 39. Ka1 Be4 40. Bxa3 Ra4 41. Rd8+ Kh7 42. Ka2 Bxc2
43. R1d7 Rf4 44. Bf8 Ra4+ 45. Ba3 45... Rf4 {
- Galego,L-Damaso,R/14th Masters, Caldas de Felgueira POR 1998 (45)}) 10...
Bxc6 11. Bf4 {Steigert den Druck auf den Bauern d6} 11... e5 $14 (11... d5 12.
exd5 Nxd5 13. Be5 $11) 12. Bg5 O-O 13. h4 Qb6 14. h5 14... h6 {
Schwarz geht zum Angriff ueber} 15. Bxh6 $11 (15. Be3 15... Qa5 $14) 15... gxh6
16. Qxh6 Nh7 17. Kb1 Rad8 18. Bc4 $2 $17 (18. Qd2 $5 $11 $142 {
ist noch spielbar}) 18... Kh8 $11 (18... Bg5 19. Qg6+ Kh8 20. Bxf7 20... Qc7
$15) 19. f4 $4 $19 (19. Qd2 $11 $142 {war der einzige Versuch}) 19... Bf6 20.
Bxf7 Rxf7 21. f5 Rg7 22. Qd2 Rg3 23. Rh2 Qe3 24. Rh3 (24. Qxe3 {
hilft auch nicht mehr} 24... Rxe3 25. Rf1 25... Bg5 $19) 24... Rxh3 25. gxh3
Qxd2 26. Rxd2 Bh4 27. Re2 27... Rg8 {Es droht Matt} 28. a3 (28. b3 {
nuetzt auch nichts mehr} 28... Nf6 $19) 28... Nf6 29. Re3 (29. b4 {
holt die Kuh nicht vom Eis} 29... Rg1+ 30. Kb2 30... Bg5 $19) 29... Rg1+ 30.
Ka2 Rg2 31. Kb1 (31. Rd3 {waere gleichermassen fruchtlos} 31... Bxe4 32. Nxe4
32... Nxe4 $19) 31... Bg5 32. Re1 Kg7 33. Re2 (33. b4 {
macht keinen grossen Unterschied} 33... Bd2 34. Re2 Rxe2 35. Nxe2 35... Nxh5
$19) 33... Rxe2 34. Nxe2 Nxh5 35. Nc3 Ng3 36. Nd5 (36. Ka2 {
kann das Vorangegangene nicht ungeschehen machen} 36... Nxe4 37. Nxe4 Bxe4 38.
f6+ 38... Kxf6 $19) 36... Bxd5 37. exd5 0-1